Language Quiz

Random Language Quiz

Conjugation of λυω Quiz Stats

Quiz not verified by Sporcle

Challenge
Share
Tweet
Embed
Score 0/72 Timer 10:00
0 Plays Today
Hint Answer % Correct
Present Active Indicativeλυω
95.3%
Present Active Indicativeλυομεν
86%
Present Active Indicativeλυετε
86%
Present Active Indicativeλυεις
83.7%
Present Active Indicativeλυει
83.7%
Present Active Indicativeλυουσι(ν)
58.1%
Present Middle Indicativeλυομαι
44.2%
Imperfect Active Indicativeἐλυον
41.9%
Imperfect Active Indicativeἐλυες
39.5%
Imperfect Active Indicativeἐλυον
39.5%
Present Middle Indicativeλυεται
39.5%
Imperfect Active Indicativeἐλυομεν
37.2%
Imperfect Active Indicativeἐλυετε
37.2%
Present Middle Indicativeλυομεθα
37.2%
Present Middle Indicativeλυεσθε
37.2%
Imperfect Active Indicativeἐλυε(ν)
34.9%
Present Middle Indicativeλυονται
34.9%
Present Middle Indicativeλυῃ
32.6%
Imperfect Middle Indicativeἐλυομεθα
27.9%
Imperfect Middle Indicativeἐλυεσθε
27.9%
Present Active Participle (masculine)λυων
27.9%
Imperfect Middle Indicativeἐλυομην
25.6%
Imperfect Middle Indicativeἐλυετο
25.6%
Present Active Participle (masculine)λυοντα
25.6%
Present Active Participle (masculine)λυοντος
25.6%
Present Active Participle (masculine)λυοντι
25.6%
Present Active Participle (masculine)λυοντες
25.6%
Present Active Participle (masculine)λυοντων
25.6%
Imperfect Middle Indicativeἐλυου
23.3%
Imperfect Middle Indicativeἐλυοντο
23.3%
Present Active Participle (masculine)λυοντας
23.3%
Present Active Participle (feminine)λυουσα
20.9%
Present Active Participle (feminine)λυουσαν
20.9%
Present Active Participle (feminine)λυουσης
20.9%
Present Active Participle (feminine)λυουσαι
18.6%
Present Active Participle (feminine)λυουσῃ
18.6%
Hint Answer % Correct
Present Active Participle (feminine)λυουσας
18.6%
Present Active Participle (feminine)λυουσων
18.6%
Present Active Participle (neuter)λυον
18.6%
Present Active Participle (neuter)λυον
18.6%
Present Active Participle (neuter)λυοντα
18.6%
Present Active Participle (neuter)λυοντα
18.6%
Present Active Participle (neuter)λυοντων
18.6%
Present Middle Participle (masculine)λυομενος
18.6%
Present Middle Participle (masculine)λυομενον
18.6%
Present Middle Participle (masculine)λυομενου
18.6%
Present Middle Participle (masculine)λυομενοι
18.6%
Present Middle Participle (masculine)λυομενους
18.6%
Present Middle Participle (masculine)λυομενων
18.6%
Present Active Participle (masculine)λυουσι(ν)
16.3%
Present Active Participle (feminine)λυουσαις
16.3%
Present Active Participle (neuter)λυοντος
16.3%
Present Active Participle (neuter)λυοντι
16.3%
Present Middle Participle (masculine)λυομενῳ
16.3%
Present Middle Participle (masculine)λυομενοις
16.3%
Present Middle Participle (feminine)λυομενη
16.3%
Present Middle Participle (feminine)λυομενην
16.3%
Present Middle Participle (feminine)λυομενης
16.3%
Present Middle Participle (feminine)λυομεναι
16.3%
Present Middle Participle (feminine)λυομενων
16.3%
Present Middle Participle (neuter)λυομενου
16.3%
Present Middle Participle (neuter)λυομενῳ
16.3%
Present Middle Participle (neuter)λυομενα
16.3%
Present Middle Participle (neuter)λυομενα
16.3%
Present Middle Participle (neuter)λυομενων
16.3%
Present Middle Participle (neuter)λυομενοις
16.3%
Present Active Participle (neuter)λυουσι(ν)
14%
Present Middle Participle (feminine)λυομενῃ
14%
Present Middle Participle (feminine)λυομενας
14%
Present Middle Participle (feminine)λυομεναις
14%
Present Middle Participle (neuter)λυομενον
14%
Present Middle Participle (neuter)λυομενον
14%

You're not logged in!

Compare scores with friends on all Sporcle quizzes.
Join for Free
OR
Log In

You Might Also Like...

Show Comments

Extras

Top Quizzes Today


Score Distribution

Your Account Isn't Verified!

In order to create a playlist on Sporcle, you need to verify the email address you used during registration. Go to your Sporcle Settings to finish the process.

Report this User

Report this user for behavior that violates our Community Guidelines.

Details: